MARC

LEADER 00000nas a2200000 a 4500
001 ssj0012512
003 WaSeSS
005 20200512172242.0
006 m d
007 cr n
008 050614c19569999oncqr p s 0 a0eng c
010 |a  2011234668 
015 |a GBB5I6698  |2 bnb 
016 7 |a 017665125  |2 Uk 
022 |a 2375-2475  |y 0008-5006 
035 |a (WaSeSS)ssj0012512 
040 |a OCLCS  |b eng  |e pn  |c OCLCS  |d UV0  |d OCLCQ  |d OCLCE  |d EYM  |d HLS  |d OCLCQ  |d OCLCF  |d DLC  |d OCLCO  |d OCLCQ  |d DLC  |d UKMGB  |d VT2  |d WaSeSS 
041 0 |a eng  |a fre 
042 |a pcc  |a nsdp 
050 0 0 |a PG6 
082 0 4 |a 891.8  |2 21 
130 0 |a Canadian Slavonic papers (Online) 
222 0 |a Canadian Slavonic papers  |b (Online) 
245 1 0 |a Canadian Slavonic papers  |h [electronic resource]. 
246 3 1 |a Revue canadienne des slavistes  |f spring 1967 
260 |3 1956-1966 :  |a Toronto :  |b Published for the Canadian Association of Slavists by the University of Toronto Press,  |c 1956- 
260 3 |3 1967- :  |a Ottawa :  |b Canadian Association of Slavists 
310 |a Quarterly,  |b 1968- 
321 |a Frequency varies,  |b 1956-1967 
362 1 |a Began with Vol. 1, issue 1 (1956). 
500 |a English title only, 1956-1966. 
506 |a License restrictions may limit access. 
515 |a Some issues combined. 
538 |a Mode of access: World Wide Web. 
546 |a Includes some text in French. 
550 |a Published by the University of Toronto Press in cooperation with the University of British Columbia, 1956-1961. 
555 |a Indexes: Vols. 1-15, 1956-1973. 
588 |a Description based on: Vol. 1, issue 1 (1956); title from PDF cover (JSTOR, viewed August 12, 2011). 
588 |a Latest issue consulted: Vol. 59, issue 3/4 (2017) (Taylor & Francis Online, viewed Mar. 21, 2018). 
650 0 |a Slavic philology  |v Periodicals. 
650 7 |a Slavic philology.  |2 fast  |0 (OCoLC)fst01120745 
650 1 7 |a Slavische talen.  |2 gtt 
655 0 |a Electronic journals. 
710 2 |a Canadian Association of Slavists. 
730 0 |a Revue canadienne des Slavistes. 
776 0 8 |i Print version:  |t Canadian Slavonic papers  |x 0008-5006  |w (DLC) 57004950  |w (OCoLC)1553234 
780 0 5 |t Etudes slaves et est-européennes  |w (DLC) 2011234667  |w (OCoLC)610282220 
850 |a DLC 
856 4 0 |z Full text available from Research Library: 09/01/1996 to 09/30/2017  |u https://search.proquest.com/publication/3577